=LDR 00000nam 2200000 4500 =001 INLIS000000000036463 =005 20221006020646 =035 ##$$a 0010-061300000036463 =008 221006################g##########0#ind## =041 ##$$a Ind =082 ##$$a 92(Bahalwan) =090 ##$$a 92(Bahalwan), Ism d =100 ##$$a Ismono, Henry =245 1#$$a Dari gang 3 ke mancanegara, Fatmah Bahawan (ahli masak yang memiliki 12 000 anggota milis /$c Henry Ismono =260 ##$$a jakarta :$b Gramrdia,$c 2011 =300 ##$$a xiv, 220 hlm ; $c 22 cm =650 #4$$a Biografi Fatmah Bahalwan =850 ##$$a NBPNMAT =020 ##$$a 9796020012339 =084 ##$$a 92(Bahalwan) ISM d =990 ##$$a 0001/BPAP-NTB/20142014 =990 ##$$a 0001/BPAP-NTB/2015 =990 ##$$a 23712371 =990 ##$$a 21102786 =990 ##$$a 0001/BPAP-NTB/20142014 =990 ##$$a 0001/BPAP-NTB/2015